01295nam a2200337 a 4500001001200000003000800012006001900020007001500039008004100054010001700095020003600112020002700148040002100175035002100196050002200217082001800239245009700257250001200354260005500366300003100421490001500452504005100467533015200518650003600670655002900706700002200735700004000757710001700797856012600814999001700940ebr10650024CaPaEBRm u cr cn|||||||||111019s2012 enkad sb 001 0 eng d z 2011043617 z9780727918598 (pbk. alk. paper) z9781118332320 (e-book) aCaPaEBRcCaPaEBR a(OCoLC)82665280814aRD93b.A23 2012eb04a617.1/02622300aABC of major traumah[electronic resource] /cedited by David V. Skinner, Peter A. Driscoll. a4th ed. aChichester, West Sussex :bWiley-Blackwell,c2012. axviii, 220 p. :bcol. ill.0 aABC series aIncludes bibliographical references and index. aElectronic reproduction.bPalo Alto, Calif. :cebrary,d2013.nAvailable via World Wide Web.nAccess may be limited to ebrary affiliated libraries. 0aWounds and injuriesxTreatment. 7aElectronic books.2local1 aSkinner, David V.1 aDriscoll, P. A.q(Peter A.),d1955-2 aebrary, Inc.40uhttp://site.ebrary.com/lib/rucke/Doc?id=10650024zAn electronic book accessible through the World Wide Web; click to view c74640d74640